Kỹ thuật và thiết bị xét nghiệm y học (Sách đào tạo đại học)

Cuốn sách cung cấp kiến thức và kỹ năng về nền tảng và khả năng công nghệ, phương pháp vận hành cũng như bảo đảm việc quản lý chất lượng thiết bị, điều cần thiết cho ứng dụng thực tế của kỹ thuật xét nghiệm...

Descripción completa

Guardado en:
Detalles Bibliográficos
Autor principal: Đặng Thị Ngọc Dung (Chủ biên)
Otros Autores: Nguyễn Trọng Tuệ (Chủ biên)
Formato: Libro
Lenguaje:Vietnamese
Publicado: H. Y học 2023
Materias:
Etiquetas: Agregar Etiqueta
Sin Etiquetas, Sea el primero en etiquetar este registro!
Thư viện lưu trữ: Thư viện Trường Đại học Nam Cần Thơ
LEADER 01504nam a22002297a 4500
001 NCT_4_019493
008 250513b xxu||||| |||| 00| 0 vie d
999 |c 8948  |d 8948 
020 |a 9786046660446  |c 245000 
082 0 4 |2 23rd ed.  |a 616.075  |b D513 
100 1 |a Đặng Thị Ngọc Dung  |e Chủ biên 
245 1 0 |a Kỹ thuật và thiết bị xét nghiệm y học   |b (Sách đào tạo đại học)  |c Đặng Thị Ngọc Dung, Nguyễn Trọng Tuệ (Chủ biên) 
260 |a H.  |b Y học  |c 2023 
300 |a 322 tr.  |b Minh họa   |c 27 cm 
500 |a ĐTTS ghi: Trường Đại học Y Hà Nội Bộ môn Khoa học xét nghiệm  
520 3 |a Cuốn sách cung cấp kiến thức và kỹ năng về nền tảng và khả năng công nghệ, phương pháp vận hành cũng như bảo đảm việc quản lý chất lượng thiết bị, điều cần thiết cho ứng dụng thực tế của kỹ thuật xét nghiệm 
653 |a Xét nghiệm Y học 
700 1 |a Nguyễn Trọng Tuệ  |e Chủ biên 
942 |2 ddc  |c BK 
952 |0 0  |1 0  |2 ddc  |4 0  |6 616_075000000000000_D513  |7 0  |9 30688  |a 000001  |b 000001  |d 2025-05-13  |o 616.075 D513  |p MD.23828  |r 2025-05-13  |v 245000.00  |w 2025-05-13  |y BK 
952 |0 0  |1 0  |2 ddc  |4 0  |6 616_075000000000000_D513  |7 0  |9 30689  |a 000001  |b 000001  |d 2025-05-13  |o 616.075 D513  |p MD.23829  |r 2025-05-13  |v 245000.00  |w 2025-05-13  |y BK 
980 |a Thư viện Trường Đại học Nam Cần Thơ